LEADER 01245ncm 2200361Ia 450 001 996384311603316 005 20221108093540.0 035 $a(CKB)1000000000589387 035 $a(EEBO)2240850335 035 $a(OCoLC)13357137 035 $a(EXLCZ)991000000000589387 100 $a19860328d1685 uy | 101 0 $aeng 135 $aurbn||||a|bb| 200 00$aCatch that catch can, or, The second part of The musical companion$b[electronic resource] $ebeing a collection of new catches, songs, and glees : never printed before 210 $aLondon $cPrinted by J.P. for John Playford at his shop ...$d1685 215 $a1 score ([61] p.) 300 $aDedication signed: J. Playford. 300 $aAdvertisements: p. [61]. 300 $aReproduction of original in British Library. 330 $aeebo-0018 606 $aGlees, catches, rounds, etc 615 0$aGlees, catches, rounds, etc. 701 $aHilton$b John$f1599-1657.$01005363 701 $aPlayford$b John$f1623-1686?$0793147 801 0$bEAA 801 1$bEAA 801 2$bm/c 801 2$bWaOLN 906 $aBOOK 912 $a996384311603316 996 $aCatch that catch can, or, The second part of The musical companion$92403825 997 $aUNISA LEADER 01263nam0 22002891i 450 001 UON00059655 005 20231205102301.550 100 $a20020107f |0itac50 ba 101 $ager 102 $aDE 105 $a|||| 1|||| 200 1 $aChina-Volksrepublik$fOskar Weggel 210 $aHamburg$c[Institut fur Asienkunde]$d197- 215 $ap. 79-116 [37] p.$d22 c 300 $aEstratto da : Handbuch der Dritten Welt 4 / hrsg. von Dieter Nohlen und Franz Nuschler. 316 $adono Ministero peri Beni e le Attivitą Culturali$5IT-UONSI MISCCINIV B/001 606 $aCINA$xSTORIA$x1949-1976$3UONC016249$2FI 620 $aDE$dHamburg$3UONL003222 686 $aCIN IV B$cCina - Storia moderna e contemporanea - Comunitą cinesi nel mondo$2A 700 1$aWEGGEL$bOskar$3UONV038353$0247168 712 $aInstitut fur Asienkunde$3UONV249894$4650 801 $aIT$bSOL$c20250620$gRICA 899 $aSIBA - SISTEMA BIBLIOTECARIO DI ATENEO$2UONSI 912 $aUON00059655 950 $aSIBA - SISTEMA BIBLIOTECARIO DI ATENEO$dSI MISC CIN IV B 001 $eSI SA 95878 5 001 dono Ministero peri Beni e le Attivitą Culturali 996 $aChina-Volksrepublik$91167283 997 $aUNIOR